000 00907nam a2200289 i 4500
003 EG-GICUC
005 20260429123311.0
008 260429s1982 us ||||fr|||| 000 0 eng d
020 _a0895771373
040 _aEG-GiCUC
_beng
_cEG-GiCUC
_dEG-GiCUC
_erda
082 0 4 _221
_a341.48
_bDI . Y
092 0 4 _221
099 _aLaw1 11 341.48 DI . Y 1982
100 1 _aDigest, Reader's
_eAuthor.
245 1 0 _aYou and Your Rights /
_cReader's Digest.
264 1 _aNew York :
_bThe Reader's Digest Association, INC. Pleasantville,
_c1982.
300 _a448 pages :
_billustrations,
_c24 cm
336 _2rda content
_atext
337 _2rda media
_aComputer
338 _2rda carrier
_aOnline Resource
546 _aText in English
650 1 4 _aPublic international law
_2
651 1 _2
856 4 0 _uhttps://fll.law.cu.edu.eg/fulltext/bks/B11-05858.pdf
905 _a50
942 _2ddc
_cBK
_e21
_n0
999 _c74173
_d74173